Score 0/211 Timer 10:00
0 Plays Today
% Correct
the
98.3%
The
98.3%
a
98.3%
the
98.3%
the
98.3%
the
98.3%
the
98.3%
the
98.3%
the
98.3%
the
98.3%
the
98.3%
a
98.3%
And
98.3%
the
98.3%
the
98.3%
the
98.3%
the
98.3%
the
98.3%
the
98.3%
the
98.3%
the
98.3%
the
98.3%
the
98.3%
I
97.5%
I
97.5%
I
97.5%
I
97.5%
I
97.5%
I
97.5%
I
97.5%
I
97.5%
I
97.5%
you
88.3%
you
88.3%
be
85.4%
be
85.4%
Can
85%
is
83.3%
Is
83.3%
in
80.4%
What
79.2%
what
79.2%
What
79.2%
what
79.2%
an
77.1%
To
76.3%
love
75.8%
me.
75.4%
me.
75.4%
me
75.4%
do
74.6%
do
74.6%
it
73.3%
We
72.5%
we
72.5%
that.
71.3%
for.
71.3%
for
71.3%
for
71.3%
that
71.3%
For
71.3%
that
71.3%
for.
71.3%
for
71.3%
where
70%
where
70%
can't
69.6%
can't
69.6%
know
69.2%
know
69.2%
of
68.8%
% Correct
of
68.8%
just
66.7%
just
66.7%
just
66.7%
just
66.7%
just
66.7%
Just
66.7%
just
66.7%
just
66.7%
just
66.7%
Just
66.7%
about
65.4%
who
63.8%
my
63.3%
my
63.3%
Why
62.5%
river
62.1%
most
61.3%
all
61.3%
all
61.3%
all
61.3%
But
60.4%
around
60.4%
around
60.4%
around
60.4%
around
60.4%
around
60.4%
there
60.4%
around
60.4%
around
60.4%
around
60.4%
around
60.4%
around
60.4%
as
60.4%
around
60.4%
this
59.6%
riverbend.
59.2%
riverbend.
59.2%
riverbend.
59.2%
riverbend,
59.2%
riverbend
59.2%
riverbend.
59.2%
riverbend.
59.2%
riverbend.
59.2%
riverbend?
59.2%
riverbend.
59.2%
at
59.2%
riverbend?
59.2%
like
58.8%
Don't
57.9%
Don't
57.9%
or
56.7%
Or
56.7%
rivers
55.8%
same
55.8%
our
55.4%
ever
55%
look
54.2%
look
54.2%
always
53.8%
always
53.8%
more
53.8%
more,
53.8%
live
52.9%
twice.
52.5%
dream
51.7%
dream
51.7%
once
51.3%
once
51.3%
step
50.8%
Should
50.4%
% Correct
Should
50.4%
flowing.
50%
wait
50%
water's
49.6%
changing,
48.8%
Beyond
48.3%
never
48.3%
Beyond
48.3%
people
47.9%
shore,
47.9%
shore,
47.9%
free.
47.5%
free.
47.5%
day
47.1%
must
46.7%
what's
46.7%
Waiting
44.6%
waiting
44.6%
Waiting
44.6%
fly
43.3%
fly
43.3%
pay
42.9%
price.
42.9%
guess
42.5%
knowing
42.5%
end?
42.5%
Coming
41.7%
coming
41.7%
marry
41.3%
feel
40.8%
might
40.4%
right
40.4%
might
40.4%
drum?
40%
still
40%
lose
39.2%
chance
39.2%
gulls
38.8%
gulls
38.8%
dreams
38.3%
dreams
38.3%
those
37.9%
Steady
37.9%
beating
37.9%
choose
37.5%
something
37.1%
handsome
36.3%
handsome
36.3%
course?
36.3%
giver?
36.3%
sturdy
35.8%
sturdy
35.8%
walls?
35.8%
safe
35.4%
trees
35.4%
husband
35.4%
smoothest
35.4%
dreaming
35.4%
send
34.6%
builds
34.6%
behind
34.2%
behind
34.2%
waterfall.
33.8%
distant
33.8%
drumming?
33.8%
sound
33.3%
Kocoum?
32.5%
ignore
31.7%
extend,
28.3%
Remove Ads.
Support Sporcle.
Get the best of Sporcle when you Go Orange. This ad-free experience offers more features, more stats, and more fun while also helping to support Sporcle. Thank you for becoming a member.

You're not logged in!

Compare scores with friends on all Sporcle quizzes.
OR
Log In

Show Comments

Extras

Top Quizzes Today


Score Distribution

Your Account Isn't Verified!

In order to create a playlist on Sporcle, you need to verify the email address you used during registration. Go to your Sporcle Settings to finish the process.

Report this User

Report this user for behavior that violates our Community Guidelines.

Details: